Procedúra REGRESSION v systéme SAS

Guardado en:
Detalles Bibliográficos
Autor principal: Moravčíková, Mária, 1966-
Formato: Capítulo de libro
Lenguaje:eslovaco
Etiquetas: Agregar Etiqueta
Sin Etiquetas, Sea el primero en etiquetar este registro!

MARC

LEADER 00000naa$a2200000$$$4500
001 0122971
005 20240502072405.6
041 0 |a slo 
044 |a SK 
245 1 0 |a Procedúra REGRESSION v systéme SAS  |c Mária Moravčíková 
100 1 |a Moravčíková, Mária, 1966-